| 000 | 00343 a2200121 4500 | ||
|---|---|---|---|
| 090 |
_c6145 _d6145 |
||
| 100 | _aSaeedi, Allama Ghulam Rasool | ||
| 245 |
_aSharah Sahee Muslim _cAllama Ghulam Rasool Saeedi _h(Urdu) |
||
| 260 |
_aLahore : _bFareed Book Stall, _c1999. |
||
| 300 |
_av. 1 ; 1358 p. _c25 cm |
||
| 650 | _aIslam | ||
| 942 |
_cBK _k297.1243 SAE |
||
| 999 |
_c9978 _d9978 |
||